01455cam a2200337 a 4500001001400000003000800014005001700022006001900039007001500058008004100073020003800114040003000152049002600182050000900208082001500217245008200232260005300314300009400367520028600461521001700747588004700764504005100811650003300862655002900895700002000924710001600944776003500960856008700995942001601082999001901098EDZ0000018964StDuBDS20161031105121.0m||||||||d||||||||cr |||||||||||110107s2006 cauabc fo 001|0|eng|d a9781412952453 (ebook) :cNo price aStDuBDSbengcStDuBDSepn aAlfaisal Main Library 4aGN1104a301.0322200aEncyclopedia of anthropologyh[electronic resource] /cH. James Birx, editor. aThousand Oaks, Calif. ;aLondon :bSAGE,cc2006. a1 online resource (5 v. (li, 2373 p.)) :bill. (some col.), col. maps, ports. (some col.)8 aThis encyclopaedia focuses on topics in physical, cultural and applied anthropology, as well as in the applicable fields of archaeology and linguistics and contains over 1200 entries. Key themes include: biology; evolution; geology; philosophy theology; and theoretical frameworks. aSpecialized. aDescription based on print version record. aIncludes bibliographical references and index. 0aAnthropologyvEncyclopedias. 7aElectronic books.2local1 aBirx, H. James.2 aSage eBooks08iPrint version :z978076193029740uhttp://ezproxy.alfaisal.edu/login?url=http://sk.sagepub.com/reference/anthropology 2lcccEBOOKS c479641d479641